| 000 | 00709cam a22002531 4500 | ||
|---|---|---|---|
| 001 | 31439 | ||
| 003 | BD-RjUL | ||
| 005 | 20211209051712.0 | ||
| 008 | 140415s1960 nyu b 000 0 eng | ||
| 035 | _a(BD-RjUL)31527 | ||
| 035 | _a(OCoLC)1068176 | ||
| 040 |
_aDLC _cOTifH _dOCoLC _dDLC _beng |
||
| 041 | _aeng | ||
| 082 |
_a291.13 _bMYT 1960 |
||
| 100 | 1 |
_aMurray, Henry A. _q(Henry Alexander), _d1893-1988, _988717 |
|
| 245 | 1 | 0 |
_aMyth and mythmaking / _cHenry A. Murray |
| 260 |
_aNew York : _bG. Braziller, _c1960. |
||
| 300 |
_a381 p. ; _c22 cm. |
||
| 504 | _aIncludes bibliographical references. | ||
| 650 | 0 |
_aMythology. _995667 |
|
| 942 |
_2ddc _cBK |
||
| 999 |
_c31439 _d31439 |
||